000 00626nam a2200205Ia 4500
005 20250508170038.0
008 008 250505s9999 xx 000 0 hin d
037 _aTextBook
040 _aFEDL
_beng
_cFEDL
041 _ahin
_2eng
084 _a370.954, IND/R
_qFEDL
245 0 _aShiksha aayog ki report 1964-66: Shiksha aur rashtriye vikas
245 0 _cIndia. Education, (Ministry of...)
260 _aDelhi, India
_bMinistry of Education
_c1968
300 _axxii, 791p.
365 _aINR
_b10
546 _aGifted by Prof. Anita Rampal
942 _cTB
_h370.954, IND/R
999 _c1398896
_d1398896